Boombastic - Shaggy - All Lyrics - Statistics

General Stats
  • This quiz has been taken 29 times
  • The average score is 415 of 647
Answer Stats
Answer % Correct
Boom
100%
Boombastic
100%
boombastic,
100%
Boombastic,
100%
Boom-boom
100%
Mr.
100%
chum
92%
Jah
92%
call
88%
Call
88%
I
88%
me
88%
me,
88%
the
88%
The
88%
Ah,
84%
fantastic
84%
ha
84%
haha,
84%
(Haha)
84%
Oh
84%
oh
84%
Oh,
84%
Gee
80%
Ro-
80%
She
80%
to
80%
wheeze,
80%
a
76%
A
76%
Just
76%
just
76%
my
76%
on
76%
like
72%
love
72%
love,
72%
romantic,
72%
Romantic
72%
Ro-omantic
72%
Ro-o-omantic
72%
Ro-romantic
72%
Ro-ro-romantic
72%
say,
72%
an
68%
I'm
68%
laba
68%
lover
68%
Lover
68%
Lover,
68%
man
68%
Tell
68%
tell
68%
Ya
68%
ya
68%
you
68%
You
68%
you)
68%
back
64%
can
64%
can't
64%
So
64%
we
64%
When
64%
and
60%
And
60%
and-a
60%
Gal,
60%
gal
60%
girl
60%
girl?
60%
"Go
60%
go
60%
of
60%
says
60%
Touch
60%
touch
60%
up
60%
don't
56%
Don't
56%
Naw
56%
No
56%
no
56%
place
56%
please
56%
Smooth
56%
who
56%
your
56%
Your
56%
baby,
52%
Baby,
52%
baby
52%
hear
52%
is
52%
Jot
52%
Khus
52%
Mm,
52%
mmm-mmm
52%
That
52%
um
52%
Well,
52%
well,
52%
well
52%
Well-a
52%
What
52%
are
48%
at
48%
At
48%
get
48%
heart
48%
in
48%
it
48%
know
48%
shell?
48%
take
48%
want
48%
you're
48%
as
44%
if
44%
lay
44%
mind
44%
out
44%
Shaggy
44%
silk-a
44%
some
44%
will
44%
Would
44%
body
40%
down
40%
every
40%
feel
40%
for
40%
from
40%
have
40%
Hell"
40%
kiss
40%
Let
40%
more,
40%
only
40%
Only
40%
sound
40%
sweet
40%
best
36%
'cause
36%
cool
36%
cuddly,
36%
give
36%
Give
36%
good
36%
hand
36%
hug
36%
I'll
36%
island
36%
lovin'
36%
lovin',
36%
play
36%
Put
36%
put
36%
quilt
36%
Soft
36%
talk
36%
turtle
36%
with
36%
With
36%
beating
32%
bet
32%
(Bless
32%
breeze
32%
caress
32%
crawling
32%
less
32%
lyrical
32%
Nothing
32%
nothing
32%
or
32%
should
32%
sneeze
32%
start
32%
under
32%
why?
32%
words
32%
bottom
28%
bun
28%
cheese
28%
chest?
28%
Come
28%
drive
28%
few
28%
filth
28%
keys
28%
perfume
28%
pillow
28%
point
28%
Rub
28%
set
28%
smell
28%
test
28%
tick
28%
tickle
28%
address
24%
admiration
24%
arrow
24%
attraction,
24%
bell
24%
captivate
24%
confess
24%
dart
24%
digits
24%
ease
24%
foot
24%
hair
24%
jacuzzi
24%
loving
24%
loving,
24%
nose
24%
peas
24%
physical
24%
physique
24%
pure
24%
Rated
24%
rejection
24%
rice
24%
ring
24%
sexual
24%
spark
24%
spell
24%
straight
24%
strand
24%
well-built
24%
young
24%
bath
20%
bubble
20%
chat
20%
phart
16%
woo?
16%
least
12%
might
12%
remember
12%
No matching quizzes found
Score Distribution
Percent of People with Each Score
Percentile by Number Answered
Your Score History
You have not taken this quiz